Palmarès de la Premier League - Statistiques

Statistiques générales
  • Ce quiz a été pris 90 fois
    26 depuis la dernière actualisation
  • Le résultat moyen est 93 sur 123
Statistiques - réponses
Année Club % Correct
1931 | 1933 | 1934 | +10 others Arsenal
100%
1955 | 2005 | 2006 | +3 others Chelsea
100%
1901 | 1906 | 1922 | +16 others Liverpool
100%
1937 | 1968 | 2012 | +6 others Manchester City
100%
1908 | 1911 | 1952 | +17 others Manchester United
100%
1891 | 1928 | 1932 | +5 others Everton
86%
1894 | 1896 | 1897 | +4 others Aston Villa
82%
2016 Leicester City
73%
1898 Sheffield United
50%
1903 | 1904 | 1929 | 1930 Sheffield Wednesday
50%
1892 | 1893 | 1895 | +3 others Sunderland
50%
1912 | 1914 | 1995 Blackburn Rovers
45%
1969 | 1974 | 1992 Leeds United
41%
1905 | 1907 | 1909 | 1927 Newcastle United
41%
1978 Nottingham Forest
36%
1951 | 1961 Tottenham Hotspur
32%
1889 | 1890 Preston North End
23%
1921 | 1960 Burnley
18%
1972 | 1975 Derby County
18%
1962 Ipswich Town
14%
1920 West Bromwich
14%
1954 | 1958 | 1959 Wolverhampton Wanderers
14%
1924 | 1925 | 1926 Huddersfield Town
9%
1949 | 1950 Portsmouth
5%
Aucun quiz correspondant
Distribution des résultats
% des personnes avec chaque résultat
Percentile par nombre de réponses
Votre historique - résultats
Vous n’avez pas pris ce quiz depuis la dernière actualisation